000 00562nam a2200193 4500
003 SEACOMEC
005 20240703134511.0
008 240703b |||||||| |||| 00| 0 eng d
020 _a81-317-0739-3
_cRs.350.00
040 _aSEACOMEC
082 _a004.6
_bC732
100 _a Comer, Douglas, E
245 1 _aInternetworking with TCP/IP, Vol. 3 Client server programming and application
_cDouglas, E Comer and David L Stevens,
250 _a2nd ed.
260 _a Delhi
_b Pearson
_c2008
300 _aVol.3
650 _a Computer network
942 _cBOOK
999 _c1396
_d1396